|
|
|
|
| LEADER |
01641nam a2200397Ia 4500 |
| 001 |
EBC459901 |
| 003 |
MiAaPQ |
| 005 |
20200520144314.0 |
| 006 |
m o d | |
| 007 |
cr cn||||||||| |
| 008 |
091017s2009 dcua sbs 000 0 eng d |
| 020 |
|
|
|z 9780821378496
|
| 020 |
|
|
|z 9780821378519
|
| 035 |
|
|
|a (MiAaPQ)EBC459901
|
| 035 |
|
|
|a (Au-PeEL)EBL459901
|
| 035 |
|
|
|a (CaPaEBR)ebr10309170
|
| 035 |
|
|
|a (OCoLC)935270933
|
| 040 |
|
|
|a MiAaPQ
|c MiAaPQ
|d MiAaPQ
|
| 050 |
|
4 |
|a HC59.15
|b .L58 2009
|
| 245 |
0 |
4 |
|a The little green data book.
|n 2009
|h [electronic resource].
|
| 246 |
3 |
|
|a Little green data book 09 :
|b agriculture, forests and biodiversity, energy, emissions and pollution, water and sanitation, environment and health, national accounting aggregates
|
| 260 |
|
|
|a Washington, D.C. :
|b International Bank for Reconstruction and Development/The World Bank,
|c 2009.
|
| 300 |
|
|
|a x, 232 p. :
|b ill.
|
| 490 |
0 |
|
|a The little green data book ;
|v 2009
|
| 500 |
|
|
|a From the World Development Indicators.
|
| 504 |
|
|
|a Includes bibliographical references.
|
| 533 |
|
|
|a Electronic reproduction. Ann Arbor, MI : ProQuest, 2015. Available via World Wide Web. Access may be limited to ProQuest affiliated libraries.
|
| 650 |
|
0 |
|a Economic development
|v Statistics.
|
| 650 |
|
0 |
|a Economic history
|y 21st century
|v Statistics.
|
| 650 |
|
0 |
|a Economic indicators.
|
| 650 |
|
0 |
|a Social indicators.
|
| 655 |
|
4 |
|a Electronic books.
|
| 710 |
2 |
|
|a World Bank.
|
| 710 |
2 |
|
|a ProQuest (Firm)
|
| 730 |
0 |
|
|a World development indicators.
|
| 856 |
4 |
0 |
|u https://ebookcentral.proquest.com/lib/matrademy/detail.action?docID=459901
|z Click to View
|